Personnage mystère #50 - Statistiques

Statistiques générales
  • Ce quiz a été pris 258 fois
  • Le résultat moyen est 7 sur 7
Statistiques - réponses
Lettres Indices % Correct
SED Des
100%
IDEU Dieu
100%
RECG Grec
100%
ORI Roi
100%
ROTSM Morts
99%
FENERS Enfers
92%
Nom du personnage Hadès
78%
Aucun quiz correspondant
Distribution des résultats
% des personnes avec chaque résultat
Percentile par nombre de réponses
Votre historique - résultats
Vous n’avez pas pris ce quiz